Sports Quiz

Random Sports or MLB Quiz

Opening Day Lineups: Marlins Quiz Stats

 Plays Quiz Updated Apr 2, 2018

Challenge
Share
Tweet
Embed
Score 0/234 Timer 15:00
0 Plays Today
Year Player % Correct
2017Giancarlo Stanton
92.3%
2016Giancarlo Stanton
91.4%
2015Giancarlo Stanton
91%
2014Giancarlo Stanton
90.5%
2013Giancarlo Stanton
89.1%
2011Giancarlo Stanton
88.3%
2012Giancarlo Stanton
88.3%
2006Hanley Ramirez
87.6%
2007Hanley Ramirez
87.6%
2008Hanley Ramirez
87.6%
2009Hanley Ramirez
87.6%
2010Hanley Ramirez
87.6%
1995Charles Johnson
87.6%
1996Charles Johnson
87.6%
1997Charles Johnson
87.6%
1998Charles Johnson
87.6%
2001Charles Johnson
87.6%
2010Josh Johnson
87.2%
2011Josh Johnson
83.4%
2012Josh Johnson
83.4%
2011Hanley Ramirez
78.6%
2012Hanley Ramirez
78.6%
2017Christian Yelich
78%
2014Jose Fernandez
77.9%
2003Josh Beckett
77.2%
2004Josh Beckett
77.2%
2005Josh Beckett
77.2%
2006Dan Uggla
76.6%
2007Dan Uggla
76.6%
2008Dan Uggla
76.6%
2009Dan Uggla
76.6%
2010Dan Uggla
76.6%
2017Dee Gordon
75.8%
2003Ivan Rodriguez
73.9%
2017Marcell Ozuna
73.6%
2016Dee Gordon
73.5%
2004Miguel Cabrera
73%
2005Miguel Cabrera
73%
2006Miguel Cabrera
73%
2007Miguel Cabrera
73%
2016Christian Yelich
72.9%
1994Gary Sheffield
72.2%
1995Gary Sheffield
72.2%
1996Gary Sheffield
72.2%
1997Gary Sheffield
72.2%
1998Gary Sheffield
72.2%
2018Justin Bour
71.3%
2013Juan Pierre
71%
2015Dee Gordon
70.2%
2000Mike Lowell
69.9%
2001Mike Lowell
69.9%
2002Mike Lowell
69.9%
2003Mike Lowell
69.9%
2004Mike Lowell
69.9%
2005Mike Lowell
69.9%
2015Christian Yelich
69.5%
2016Marcell Ozuna
68.4%
1997Luis Castillo
67.8%
1999Luis Castillo
67.8%
2000Luis Castillo
67.8%
2001Luis Castillo
67.8%
2002Luis Castillo
67.8%
2003Luis Castillo
67.8%
2004Luis Castillo
67.8%
2005Luis Castillo
67.8%
2003Juan Pierre
67.6%
2004Juan Pierre
67.6%
2005Juan Pierre
67.6%
1999Alex Gonzalez
67%
2000Alex Gonzalez
67%
2001Alex Gonzalez
67%
2002Alex Gonzalez
67%
2003Alex Gonzalez
67%
2004Alex Gonzalez
67%
2005Alex Gonzalez
67%
2006Dontrelle Willis
66.8%
2007Dontrelle Willis
66.8%
2008Luis Gonzalez
66.7%
Year Player % Correct
2017Justin Bour
66.1%
2015Marcell Ozuna
65.1%
1993Jeff Conine
64.7%
1994Jeff Conine
64.7%
1995Jeff Conine
64.7%
1996Jeff Conine
64.7%
1997Jeff Conine
64.7%
2004Jeff Conine
64.7%
2014Christian Yelich
64.7%
2018Starlin Castro
63.1%
2017J.T. Realmuto
63%
1997Edgar Renteria
62.8%
1998Edgar Renteria
62.8%
1999Derrek Lee
62%
2001Derrek Lee
62%
2002Derrek Lee
62%
2003Derrek Lee
62%
2012Jose Reyes
61%
2014Marcell Ozuna
60.4%
2016Justin Bour
59.4%
2014Garrett Jones
58.5%
1996Kevin Brown
56.3%
1997Kevin Brown
56.3%
2000Brant Brown
55.9%
2016J.T. Realmuto
55.5%
2018Brian Anderson
54.8%
1998Livan Hernandez
54.7%
2010Gaby Sanchez
54.6%
2016Martin Prado
53.7%
2011Gaby Sanchez
52.5%
2012Gaby Sanchez
52.5%
2017Adeiny Hechavarria
52.1%
2016Adeiny Hechavarria
51.1%
2015Martin Prado
51.1%
1999Preston Wilson
50.3%
2000Preston Wilson
50.3%
2001Preston Wilson
50.3%
2002Preston Wilson
50.3%
2015Adeiny Hechavarria
49.9%
2014Adeiny Hechavarria
48.3%
1999Alex Fernandez
47.8%
2000Alex Fernandez
47.8%
2018Lewis Brinson
46.5%
2018Derek Dietrich
46.4%
1997Bobby Bonilla
45.5%
1996Devon White
44.6%
1997Devon White
44.6%
2013Adeiny Hechavarria
44.2%
1997Moises Alou
43.9%
2005Carlos Delgado
42.2%
2014Jarrod Saltalamacchia
41.7%
2018Jose Urena
41%
2008Jorge Cantu
40.4%
2009Jorge Cantu
40.4%
2010Jorge Cantu
40.4%
2017Edinson Volquez
40.2%
2015Jarrod Saltalamacchia
40%
2017Derek Dietrich
39.2%
2011John Buck
39.1%
2012John Buck
39.1%
2011Logan Morrison
39%
2012Logan Morrison
39%
2016Wei-Yin Chen
38.8%
1998Craig Counsell
38.7%
2006Mike Jacobs
38.6%
2007Mike Jacobs
38.6%
2008Mike Jacobs
38.6%
2008Cody Ross
38.4%
2009Cody Ross
38.4%
2010Cody Ross
38.4%
1998Ryan Jackson
37.5%
2009Cameron Maybin
37.2%
2010Cameron Maybin
37.2%
2015Henderson Alvarez
37%
1998Cliff Floyd
36.6%
2000Cliff Floyd
36.6%
2001Cliff Floyd
36.6%
2002Cliff Floyd
36.6%
Year Player % Correct
2005Paul LoDuca
36.1%
2013Chris Coghlan
34.8%
2011Chris Coghlan
34.7%
2014Casey McGehee
34.7%
2013Ricky Nolasco
34.1%
2006Josh Willingham
34%
2007Josh Willingham
34%
2008Josh Willingham
34%
2010Chris Coghlan
33.8%
1993Charlie Hough
33.5%
1994Charlie Hough
33.5%
2013Placido Polanco
33.5%
2012Emilio Bonifacio
33.4%
2009Ricky Nolasco
32.5%
2018Miguel Rojas
31.9%
2003Juan Encarnacion
31.3%
2005Juan Encarnacion
31.3%
2009Emilio Bonifacio
31.2%
2011Omar Infante
29.4%
2012Omar Infante
29.4%
2014Jeff Baker
29.1%
1993Benito Santiago
28.7%
1994Benito Santiago
28.7%
2006Jeremy Hermida
28.6%
2009Jeremy Hermida
28.6%
2015Mike Morse
28.5%
2009John Baker
26.8%
1993Walt Weiss
25.9%
1994Chuck Carr
25.8%
1995Chuck Carr
25.8%
2006Miguel Olivo
24.8%
2007Miguel Olivo
24.8%
2004Hee Seop Choi
24.7%
2000Kevin Millar
24.7%
2002Kevin Millar
24.7%
1993Orestes Destrade
24.4%
1994Orestes Destrade
24.4%
2018Chad Wallach
23%
2001Ryan Dempster
22.7%
2002Ryan Dempster
22.7%
1999Mike Redmond
22.3%
2000Mike Redmond
22.3%
2002Mike Redmond
22.3%
2018Garrett Cooper
22.3%
2008Matt Treanor
21.7%
2013Donovan Solano
21.7%
1998Mark Kotsay
20.5%
1999Mark Kotsay
20.5%
1995Quilvio Veras
20.2%
1996Quilvio Veras
20.2%
2010Ronny Paulino
19.8%
2003Todd Hollandsworth
19.4%
1993Bret Barberie
19.3%
1994Bret Barberie
19.3%
2013Rob Brantly
18.8%
2013Casey Kotchman
18.4%
2004Ramon Castro
18.3%
1995Terry Pendleton
18%
1996Terry Pendleton
18%
2011Donnie Murphy
16.6%
1993Dave Magadan
15.7%
1995John Burkett
15.7%
2007Alejandro de Aza
15.6%
2008Mark Hendrickson
15.4%
1994Kurt Abbott
14.7%
1996Kurt Abbott
14.7%
1995Alex Arias
14.6%
2006Eric Reed
14.3%
1995Greg Colbrunn
14.1%
1996Greg Colbrunn
14.1%
1994Jerry Browne
13.6%
1993Junior Felix
13.4%
1993Scott Pose
13.3%
1999Todd Dunwoody
12.1%
2001Eric Owens
11.9%
1999Kevin Orie
11.2%
1998Josh Booty
10.2%
2007Joe Borchard
10%

You're not logged in!

Compare scores with friends on all Sporcle quizzes.
Join for Free
OR
Log In

You Might Also Like...

Show Comments

Extras

Top Quizzes Today


Score Distribution

Your Account Isn't Verified!

In order to create a playlist on Sporcle, you need to verify the email address you used during registration. Go to your Sporcle Settings to finish the process.

Report this User

Report this user for behavior that violates our Community Guidelines.

Details: